000 00713cam a22002533a 4500
001 24522
003 PGUSA
005 20140828083526.0
008 080205s2008||||xxu|||||s|||||000 1 eng d
040 _aPGUSA
_beng
042 _adc
050 4 _aPS
100 1 _aMiller, Leo E.
_q(Leo Edward),
_d1887-
245 1 4 _aThe Black Phantom
_h[electronic resource] /
_cLeo E. Miller
260 _bProject Gutenberg,
_c2008
506 _aPublic domain in the USA.
516 _aElectronic text
653 _aAmazon River Valley -- Fiction
653 _aJungles -- Fiction
653 _aAnimals -- Fiction
830 0 _aProject Gutenberg
_v24522
856 4 0 _uhttp://www.gutenberg.org/ebooks/24522
942 _cEB
999 _c253777
_d253777